Productivity (Record no. 54918)

MARC details
000 -LEADER
fixed length control field 00951nam a2200265 a 4500
008 - FIXED-LENGTH DATA ELEMENTS--GENERAL INFORMATION
fixed length control field 120416s1984 ||||||||||||||||| || u
020 ## - INTERNATIONAL STANDARD BOOK NUMBER
International Standard Book Number 0801830389
050 ## - LIBRARY OF CONGRESS CALL NUMBER
Classification number HD 56 Lev
100 ## - MAIN ENTRY--PERSONAL NAME
Personal name Levitan, Sar A
245 10 - TITLE STATEMENT
Title Productivity
246 ## - VARYING FORM OF TITLE
Title proper/short title problems, prospects, and policies
260 ## - PUBLICATION, DISTRIBUTION, ETC.
Place of publication, distribution, etc. Baltimore
Name of publisher, distributor, etc. John Hopkins University Press
Date of publication, distribution, etc. 1984
300 ## - PHYSICAL DESCRIPTION
Extent xiii, 125p.
350 ## - PRICE (NR) (BK AM CF MU VM SE) [OBSOLETE]
Price 0.00
490 ## - SERIES STATEMENT
Series statement Policy studies in employment and welfare
490 ## - SERIES STATEMENT
Volume/sequential designation no. 40
500 ## - GENERAL NOTE
General note Includes index. -Bibliography: p. 115-122.
650 ## - SUBJECT ADDED ENTRY--TOPICAL TERM
Topical term or geographic name entry element INDUSTRIAL PRODUCTIVITY--UNITED STATES
650 ## - SUBJECT ADDED ENTRY--TOPICAL TERM
Topical term or geographic name entry element INDUSTRY
650 ## - SUBJECT ADDED ENTRY--TOPICAL TERM
Topical term or geographic name entry element Production (Economic theory)
650 ## - SUBJECT ADDED ENTRY--TOPICAL TERM
Topical term or geographic name entry element Gross national product--United States
650 ## - SUBJECT ADDED ENTRY--TOPICAL TERM
Topical term or geographic name entry element UNITED STATES--ECONOMIC POLICY--1981-1993
700 ## - ADDED ENTRY--PERSONAL NAME
Personal name Werneke, Diane
995 ## - RECOMMENDATION 995 [LOCAL, UNIMARC FRANCE]
-- 0.00
-- CBU-MAIN LIBRARY (Kitwe)
-- 1
-- 15.00
-- 1
-- AVAILABLE
-- Main Library Open Access Collection
Holdings
Withdrawn status Lost status Source of classification or shelving scheme Damaged status Not for loan Home library Current library Shelving location Date acquired Total Checkouts Full call number Barcode Date last seen Price effective from Koha item type
          CBU-MAIN LIBRARY, KITWE. CBU-MAIN LIBRARY, KITWE.   11/30/2022   HD 56 Lev 003550 11/30/2022 11/30/2022 MONOGRAPH